Poor Economics

Sábháilte in:
Sonraí bibleagrafaíochta
Príomhchruthaitheoir: Abhijit Banerjee & Esther Duflo
Formáid: LEABHAR
Foilsithe / Cruthaithe: Penguin
Ábhair:
Clibeanna: Cuir clib leis
Níl clibeanna ann, Bí ar an gcéad duine le clib a chur leis an taifead seo!

MARC

LEADER 00000nam a2200000Ia 4500
005 20260427112657.0
526 |b Economics 
100 |a Abhijit Banerjee & Esther Duflo 
020 |a 9788184002805 
650 |a Development Economics 
526 |a Bachelors 
942 |c BK 
245 |a Poor Economics 
260 |b Penguin 
999 |c 50  |d 50 
952 |0 0  |1 0  |4 0  |7 0  |8 1  |a BRISTOL  |b BRISTOL  |d 2026-04-22  |l 0  |p 000023  |r 2026-04-27 11:26:58  |w 2026-04-27  |y BK